01226 a2200241 4500003000500000005001700005010001600022020002200038040000900060082001600069100001800085245004600103250001200149260003200161300003300193505035100226650002700577942001200604999001900616952012400635952010000759952012500859Nust20230317113742.0 a 85131487 a0713134917 (pbk.) cNust00a621.395,GIB1 aGibson, J. R.10aElectronic logic circuits /cJ.R. Gibson. a2nd ed. aLondon :bE. Arnold,c1983. avi, 122 p. :bill. ;c25 cm. aTwo State Systems (Page-1), Basic Elements of Combinational Logic (Page-8), The Design of Combinational Logic Circuits (Page-23), Sequential Logic Elements (Page-42), Sequential Logic Systems (Page-59), The Design of Sequential Logic Circuits (Page-67), Electronic Logic Circuits (Page-88), Examples and Applications of Logic Circuits (Page-100). 0aLogic circuits.917982 2ddccBK c183853d183853 00102ddc4070aMCSbMCScGENd2016-12-12o621.395,GIBpMCS5110r2016-12-08w2016-12-12yBKzAlmirah No.74, Shelf No.5 00102ddc4070aMCSbMCScGENd2023-08-07l0o621.395,GIBpMCS5109r2023-08-07w2023-08-07yBK 00102ddc4070aMCSbMCScGENd2023-08-07o621.395,GIBpMCS20884r2023-08-07w2023-08-07yBKzAlmirah No.84, Shelf No.4